Анализ повреждаемости силовых трансформаторов; Современные техника и технологии; Т. 1

Podrobná bibliografie
Parent link:Современные техника и технологии: сборник трудов XX международной научно-практической конференции студентов, аспирантов и молодых ученых, Томск, 14-18 апреля 2014 г./ Национальный исследовательский Томский политехнический университет (ТПУ).— , 2014
Т. 1.— 2014.— [С. 249-250]
Hlavní autor: Кунулеков Д. С.
Korporativní autor: Национальный исследовательский Томский политехнический университет
Další autoři: Муравлев О. П. Олег Павлович (научный руководитель)
Shrnutí:Заглавие с титульного экрана
Jazyk:ruština
Vydáno: 2014
Edice:Электромеханика
Témata:
On-line přístup:http://earchive.tpu.ru/handle/11683/21031
http://www.lib.tpu.ru/fulltext/c/2014/C01/V1/120.pdf
Médium: Elektronický zdroj Kapitola
KOHA link:https://koha.lib.tpu.ru/cgi-bin/koha/opac-detail.pl?biblionumber=606593

MARC

LEADER 00000naa2a2200000 4500
001 606593
005 20260303144443.0
035 |a (RuTPU)RU\TPU\conf\3972 
090 |a 606593 
100 |a 20140604d2014 k y0rusy50 ca 
101 0 |a rus 
102 |a RU 
135 |a drcn ---uucaa 
181 0 |a i  
182 0 |a b 
200 1 |a Анализ повреждаемости силовых трансформаторов  |f Д. С. Кунулеков  |g науч. рук. О. П. Муравлев 
203 |a Текст  |c электронный 
225 1 |a Электромеханика 
300 |a Заглавие с титульного экрана 
320 |a [Библиогр.: с. 250 (3 назв.)] 
337 |a Adobe Reader 
461 1 |0 (RuTPU)RU\TPU\conf\3687  |t Современные техника и технологии  |o сборник трудов XX международной научно-практической конференции студентов, аспирантов и молодых ученых, Томск, 14-18 апреля 2014 г.  |o в 3 т.  |f Национальный исследовательский Томский политехнический университет (ТПУ)   |d 2014 
463 1 |0 (RuTPU)RU\TPU\conf\3688  |t Т. 1  |v [С. 249-250]  |d 2014 
610 1 |a труды учёных ТПУ 
610 1 |a электронный ресурс 
610 1 |a силовые трансформаторы 
610 1 |a электрические сети 
610 1 |a коммутационные перенапряжения 
610 1 |a грозовые перенапряжения 
610 1 |a токи короткого замыкания 
700 1 |a Кунулеков  |b Д. С. 
702 1 |a Муравлев  |b О. П.  |c специалист в области электротехники  |c профессор Томского политехнического университета, доктор технических наук  |f 1937-  |g Олег Павлович  |4 727 
712 0 2 |a Национальный исследовательский Томский политехнический университет  |c (2009- )  |9 26305 
801 2 |a RU  |b 63413507  |c 20210310  |g RCR 
850 |a 63413507 
856 4 |u http://earchive.tpu.ru/handle/11683/21031 
856 4 |u http://www.lib.tpu.ru/fulltext/c/2014/C01/V1/120.pdf 
942 |c CF